10 słówek niemiecki - Statystyki

Ogólne statystyki
  • Ten quiz został rozwiązany 10 razy
  • Średni wynik to 5 z 10
Statystyki odpowiedzi
Hint Odpowiedź % Poprawnych
odkurzać Staub saugen
100%
sprzątać pokój das Zimmer aufraummen
67%
robić pranie die Wäsche waschen
67%
zmywać naczynia das Geschirr spülen
33%
wycierać podłoge den Fußboden aufwischen
33%
wynosić śmieci den Müll werbringen
33%
myć prysznic die Dusche putzen
33%
prasować koszule die Hemden bügeln
33%
wkładać ubrania do szafy die Klamotten in den Schrank legen
33%
robić porządek Ordnung machen
33%
Nie znaleziono quizów pasujących do podanych kryteriów
Rozkład punktacji
Procent ludzi z każdym wynikiem
Percentyl według liczby udzielonych odpowiedzi
Twoja historia wyników
Nie rozwiązałeś tego quizu